000 00976nam a2200181Ia 4500
008 151202s9999||||xx |||||||||||||| ||und||
082 _bPNVM-82856
100 _a"दीप मोहन/अनु-घाटपांडे महेश,ठाकूर योगेन्द्र."
245 _aरेखा ओ रेखा एक न संपणारा प्रवास.
260 _b"शिवानी प्रकाशन,मुंबई."
260 _c2000
300 _a225
600 _a"दीप मोहन/अनु-घाटपांडे महेश,ठाकूर योगेन्द्र."
630 _aरेखा ओ रेखा एक न संपणारा प्रवास.
700 _a"दीप मोहन/अनु-घाटपांडे महेश,ठाकूर योगेन्द्र."
730 _aरेखा ओ रेखा एक न संपणारा प्रवास.
942 _cBOOK
999 _c1347464
_d1347461